000 00403nam a2200145 a 4500
001 000042998
005 20201002040547.0
008 140217s1987 xxu 000 0 spa d
040 _aDO-SdBNP
_bspa
_cBNPHU
082 _axxx
_bxxxx
100 1 _aMorrison, Toni
_970515
245 1 0 _aBeloved. :
_ba novel by /
_cToni Morrison.
260 _aNew York, :
_bAlfred A. Knopf,
_c1987.
300 _a275 p. ;
_c24 cm.
999 _c42487
_d42487